| 000 | 01262nam a2200349 i 4500 | ||
|---|---|---|---|
| 001 | 000003463 | ||
| 003 | DO-SdBNP | ||
| 005 | 20260312134704.0 | ||
| 007 | ta | ||
| 008 | 090709s1995 dr ac r 001 0 spa d | ||
| 040 |
_aDO-SdBNP _bspa _cBNPHU _erda |
||
| 082 | 4 |
_a320.97293 _bV645d, 1995 _222 |
|
| 100 | 1 |
_aVictoria B., Roberto, _910785 _eautor |
|
| 245 | 1 | 4 |
_aLos diez mandamientos de Balaguer / _cRoberto Victoria B. |
| 246 | 1 | 3 | _aThe ten commandments of Balaguer |
| 250 | _a2a. ed. | ||
| 264 |
_aSanto Domingo : _bOffset Encuadernaciones, _c1995. |
||
| 300 |
_axvii, 237 páginas : _bilustraciones, retratos ; _c21 cm. |
||
| 336 |
_2rdacontent _atexto _btxt |
||
| 337 |
_2rdamedia _asin mediación _bn |
||
| 338 |
_2rdacarrier _avolumen _bnc |
||
| 500 | _aIncluye índice | ||
| 500 | _aIncluye datos biográficos del autor. | ||
| 504 | _aBibliografía : p. [229-230] | ||
| 590 | _aInventariado, 2018/LP | ||
| 600 | 1 | 0 |
_a Balaguer, Joaquín, _d1906-2002 _xCritica e interpretación _976556 |
| 600 | 1 | 0 |
_a Balaguer, Joaquín, _d1906-2002 _xCronología _976556 |
| 650 | 4 |
_aRepública Dominicana _xPolítica social _93223 |
|
| 651 | 0 |
_aRepública Dominicana _xPolítica y gobierno _945 |
|
| 910 | _aValidado. Control de calidad MMOLINA | ||
| 942 |
_2ddc _cLBS1 |
||
| 999 |
_c3292 _d3292 |
||